แสดงรายละเอียดบรรณานุกรม
  กลับหน้าหลัก

Brief Record : Get Marc (ISO 2709) : E-mail record : QR code ปิดหน้าต่าง
E-books : เกี่ยวกับ Collections
LEADER 00000nama 2200000uu 4500
001    183822
003     ULIBM
008    040531s2542 th m m a000 0 tha d
020    974-8369-83-8
041    tha
050    QV766 ส316
100    รุ่งระวี เต็มศิริฤกษ์กุล
245    สมุนไพร : ยาไทยที่ควรรู้ / บรรณาธิการ โดยรุ่งระวี เต็มศิริฤกษ์กุล...(และคนอื่นๆ) 001
260    อมรินทร์พริ้นติ้ง กรุงเทพฯ 2542
300    176 หน้า
998    2001-01-28
รายการนี้ยังไม่มีแท็ก
คุณยังไม่ได้ล็อกอิน คุณสามารถมีกิจกรรมร่วมกับเว็บไซต์ได้ แต่ต้องล็อกอินก่อน ::
  ล็อกอิน
ลำดับที่ ประเภท เลขเรียก สถานที่ สถานะ
1. หนังสือทั่วไป
หนังสือทั่วไป
สถานะ=หนังสือเก่า - บริการ ณ ห้องสมุด (ห้องเหลือง)
QV766 ส316 2542  
  
หนังสือทั่วไป On Shelf
  ขอยืม
Note:บริจาค
   [แสดง 1/1 รายการ]

BibComment


ยังไม่เคยถูกคอมเมนท์

คอมเมนท์ทรัพยากรรายการนี้
  คอมเมนท์: สมุนไพร ยาไทยที่..
Bib 183822

 
 
 

 Union Library Management : ULibM
Copyright 2026. All Rights Reserved.
скачать бесплатно без регистрации порно красивый секс HD Sex Hindi sex

xxx gou

xxxx

bfxxx

xxxwww

Секса Видео

xxxx

Секса Видео

detube

geilexxx

C99 Shell

worms shell

blod xxx video
Ebony Coed Rihanna Rimes Takes A Dick In Her Young Twat priyaa indian fuck anal and pusssy hardcore indian women xxx desi hardcore fucking part 1 bengalixxxcouple